002600000a220007300045001000017000002450083000173000045001007730041001451 aPope, Robert10aSeeking the kingdom of god : Congragational theologies for the 'social gospel' aNo. 1 (February, 2001), Páginas 99-1210 tInternational congregational journal